| 000 | 00489nam a2200193Ia 4500 | ||
|---|---|---|---|
| 008 | 131103s9999 xx 000 0 und d | ||
| 020 | _a0 553 27735 9 | ||
| 040 | _aLoreto College | ||
| 041 | _aEnglish | ||
| 082 |
_aF/KAY _bLCBED/11089 |
||
| 100 | _aKaye,M.M. | ||
| 245 | 4 |
_aThe far pavilions _cM.M.Kaye |
|
| 260 |
_aNew York _bBantam Books _c1988 |
||
| 300 |
_a1191p. _c 19 cm. |
||
| 504 | _aIncludes glossary | ||
| 650 | _aEnglish fiction | ||
| 850 | _aLCBED/F/KAY | ||
| 942 | _cBK | ||
| 999 |
_c32347 _d82826 |
||